Taylor Swift - Chansons de Red par longueur des titres - Statistiques

Statistiques générales
  • Ce quiz a été pris 46 fois
    45 depuis la dernière actualisation
  • Le résultat moyen est 11 sur 16
Statistiques - réponses
Nombre de
caractères
Chansons % Correct
3 Red / Run
93%
2 22
83%
10 All Too Well / Begin Again / Holy Ground / Girl At Home / Nothing New
83%
19 I Knew You Were Trouble / I Bet You Think About Me
83%
11 Treacherous / The Last Time / The Lucky One
79%
33 We Are Never Ever Getting Back Together
79%
5 Ronan
72%
12 State Of Grace / Stay Stay Stay
72%
20 Everything Has Changed
69%
14 The Moment I Knew / Come Back... Be Here
69%
4 Babe
66%
9 I Almost Do / Better Man / Starlight
66%
18 Sad Beautiful Tragic
59%
17 The Very First Night
55%
13 Forever Winter
52%
16 Message In A Bottle
52%
Aucun quiz correspondant
Distribution des résultats
% des personnes avec chaque résultat
Percentile par nombre de réponses
Votre historique - résultats
Vous n’avez pas pris ce quiz depuis la dernière actualisation